Hong Kong land sales (Record no. 70066)

MARC details
000 -LEADER
fixed length control field 00754cam a2200205 4500
001 - CONTROL NUMBER
control field WB3815-17
008 - FIXED-LENGTH DATA ELEMENTS--GENERAL INFORMATION
fixed length control field 020424n2002 000 0 eng u
035 ## - SYSTEM CONTROL NUMBER
System control number (Sirsi) u117666
245 ## - TITLE STATEMENT
Title Hong Kong land sales
260 ## - PUBLICATION, DISTRIBUTION, ETC.
Date of publication, distribution, etc. 2002
490 ## - SERIES STATEMENT
Series statement RICS Commercial Property Faculty News
Volume/sequential designation 23 April 2002 (1)
520 ## - SUMMARY, ETC.
Summary, etc. Reuters reported on 15 April the first land auction of the new financial year in Hong Kong has raised more than all the auctions and tenders in 2001-2002 combined. http://www.rics.org/ricscms/bin/show?class=News&template=/includes/shownews.html&id=2335
590 ## - LOCAL NOTE (RLIN)
Local note WB
650 ## - SUBJECT ADDED ENTRY--TOPICAL TERM
Topical term or geographic name entry element HONG KONG
650 ## - SUBJECT ADDED ENTRY--TOPICAL TERM
Topical term or geographic name entry element LAND AUCTIONS
650 ## - SUBJECT ADDED ENTRY--TOPICAL TERM
Topical term or geographic name entry element LAND SALES
650 ## - SUBJECT ADDED ENTRY--TOPICAL TERM
Topical term or geographic name entry element Auctioneering
9 (RLIN) 6218
690 ## - LOCAL SUBJECT ADDED ENTRY--TOPICAL TERM (OCLC, RLIN)
Topical term or geographic name as entry element INTERNATIONAL-ASIA
942 ## - ADDED ENTRY ELEMENTS (KOHA)
Suppress in OPAC 0
Holdings
Withdrawn status Lost status Source of classification or shelving scheme Damaged status Not for loan Home library Current library Shelving location Date acquired Total Checkouts Full call number Barcode Date last seen Copy number Price effective from Koha item type
    Dewey Decimal Classification     London London News article 24/04/2002   WB3815-17 117666-1001 06/08/2019 1 06/08/2019 News article